|
|
|
|
| LEADER |
00588cam a2200169 7i4500 |
| 001 |
0000026752 |
| 005 |
20110815090000.0 |
| 022 |
0 |
0 |
|a 22299866
|
| 090 |
0 |
0 |
|a P 663.9025
|b MAL
|
| 110 |
2 |
0 |
|a Malaysia External Trade Development Corporation (MATRADE)
|
| 245 |
2 |
0 |
|a Malaysia tea,coffee and cocoa directory 2011-2013.
|
| 260 |
0 |
0 |
|a Kuala Lumpur:
|b MATRADE,
|c 2011.
|
| 300 |
# |
# |
|a 128p.
|
| 650 |
0 |
0 |
|a Cocoa --
|x Directories --
|z Malaysia
|
| 650 |
0 |
0 |
|a Coffee --
|x Directories --
|z Malaysia
|
| 650 |
0 |
0 |
|a Tea --
|x Directories --
|z Malaysia
|
| 999 |
|
|
|a 0000028634
|b Directories
|c Products
|e Business Information Centre
|